| 000 | 00429nam a22001337a 4500 | ||
|---|---|---|---|
| 008 | 240910b |||||||| |||| 00| 0 eng d | ||
| 040 |
_aNational Science Library _cNational Science Library |
||
| 080 |
_a582 _bA4.1 |
||
| 245 |
_aSpecies plantarum: _bExhibentes plantas rite cognitas ad genera relatas |
||
| 260 |
_aVindobonae: _bJoiannis Thome de Trattner, _c1764 |
||
| 300 | _a784p. | ||
| 500 | _aMix language | ||
| 942 |
_2udc _cBK |
||
| 999 |
_c66700 _d66700 |
||